000 00865nam a22002897a 4500
001 BR2014005654
003 BR-BrBNA
005 20230928104507.0
007 ta
008 230509b bl.||||| |||| 00| 0 por d
040 _aBR-BrBNA
_bpor
_cBiblioteca Nacional de Agricultura
041 _a(Por)
072 _aP01; T01
090 _ P01 BR2014005654
110 1 _aEmbaixada Britânica, Brasília, DF (Brasil)
_93503
245 1 _aSemeando sustentabilidade colaboração Brasil-Reino Unido sobre agricultura de baixo carbono
260 3 _aBrasília, DF (Brasil):
_c2011.
300 _a45 p.
500 _a23 ref.; 21 illus
650 _aAGRICULTURA
650 _aDESENVOLVIMENTO SUSTENTÁVEL
650 _aDESENVOLVIMENTO ESTRATÉGICO
650 _aIMPACTO AMBIENTAL
650 _aPOLUIÇÃO
909 _a202309
_bLucia
_c55
_dLucia Elande
942 _cBK
999 _c80229
_d80229